000 00491nam a22001577a 4500
999 _c3465
_d3465
003 URS
005 20220114142520.0
008 190909s2002 |||| |||| 00| 0 eng d
020 _a1888777860
040 _cURS
_beng
_drda
050 1 4 _aPE 1635
_b.N53211 2002
245 0 4 _aThe new international webster's dictionary & the sources of the english language
260 _aCanada:
_bTrident Press International;
_c[2002]
300 _avii 1150 pages:
_bwith Illustration;
_c29 cm.
942 _2lcc
_cREF